000 00378nam a2200145Ia 4500
008 231217s9999 xx 000 0 und d
041 _aEnglish
082 _a510.02462 RAM.2;23
100 _aRamamurthy KQureshi, Arshad
245 0 _aElements of engineering mathematics V.2
260 _c96-7
_bSudha Publications
300 _a561
650 _aMathematics
942 _cAA
999 _c164586
_d164586